Frank Lloyd Wright (Record no. 9649)

MARC details
000 -LEADER
fixed length control field 00426nam a2200169Ia 4500
008 - FIXED-LENGTH DATA ELEMENTS--GENERAL INFORMATION
fixed length control field 220803s9999 xx 000 0 und d
020 ## - INTERNATIONAL STANDARD BOOK NUMBER
International Standard Book Number 3-8228-9754-X
041 ## - LANGUAGE CODE
Language code of text/sound track or separate title eng
082 ## - DEWEY DECIMAL CLASSIFICATION NUMBER
Classification number 720.92 GOS/LEU
100 ## - MAIN ENTRY--PERSONAL NAME
Personal name Gossel P
9 (RLIN) 11829
245 ## - TITLE STATEMENT
Title Frank Lloyd Wright
260 ## - PUBLICATION, DISTRIBUTION, ETC. (IMPRINT)
Place of publication, distribution, etc. Koln
Name of publisher, distributor, etc. Benedikt Taschen
Date of publication, distribution, etc. 1994
300 ## - PHYSICAL DESCRIPTION
Extent 175p
500 ## - GENERAL NOTE
Keywords Architecture
650 ## - SUBJECT ADDED ENTRY--TOPICAL TERM
Topical term or geographic name as entry element Master Architects
9 (RLIN) 11830
700 ## - ADDED ENTRY--PERSONAL NAME
Personal name Leuthauser G
9 (RLIN) 11831
Holdings
Withdrawn status Lost status Damaged status Not for loan Collection code Home library Current library Shelving location Date acquired Vendor Cost, normal purchase price Total Checkouts Full call number Barcode Date last seen Cost, replacement price Bill Date Koha item type Original Barcode
        Book of B Arch Dr. Bhanuben Nanavati College of Architecture Dr. Bhanuben Nanavati College of Architecture   05/08/1996 Kunal Publisher 1020.00   720.95 GOS/LEU BNCA-BK-1407 03/08/2022 1200.00 05/08/1996 Books B001407